|
|
|
|
| LEADER |
00000nam0a2200000 4500 |
| 001 |
160454 |
| 005 |
20231101222205.0 |
| 035 |
|
|
|a (RuTPU)RU\TPU\book\174000
|
| 035 |
|
|
|a RU\TPU\book\30933
|
| 090 |
|
|
|a 160454
|
| 100 |
|
|
|a 20090522d1956 m y0rusy50 ca
|
| 101 |
1 |
|
|a rus
|c dan
|
| 102 |
|
|
|a RU
|
| 105 |
|
|
|a b z 001ay
|
| 200 |
1 |
|
|a Исландские саги
|e перевод
|f ред., вступ. статья и примечания М. И. Стеблин-Каменский
|
| 210 |
|
|
|a Москва
|c Государственное издательство художественной литературы
|d 1956
|
| 215 |
|
|
|a 784 с.
|c карты
|
| 320 |
|
|
|a Библиография в примечаниях: с. 759-783
|
| 320 |
|
|
|a Геогр. карты: в начале книги
|
| 606 |
1 |
|
|a Скандинавские страны
|x Литература
|2 stltpush
|3 (RuTPU)RU\TPU\subj\55010
|9 73082
|
| 610 |
1 |
|
|a проза
|
| 610 |
1 |
|
|a стихи
|
| 610 |
1 |
|
|a саги
|
| 610 |
1 |
|
|a сказания
|
| 610 |
1 |
|
|a легенды
|
| 675 |
|
|
|a 839.5/8
|v 3
|
| 702 |
|
1 |
|a Стеблин-Каменский
|b М. И.
|4 340
|
| 801 |
|
0 |
|a RU
|b 63413507
|c 20011209
|g PSBO
|
| 801 |
|
1 |
|a RU
|b 63413507
|c 20090522
|g PSBO
|
| 801 |
|
2 |
|a RU
|b 63413507
|c 20210421
|g PSBO
|
| 942 |
|
|
|c BK
|